000 01077cam a22003374i 4500
003 PE-LiUPU
005 20250731175632.0
008 150625s r 000 0 d
035 _a(Sirsi) a30902
040 _aPE-LiUPU
_bspa
_cPE-LiUPU
_erda
082 0 4 _a492.415
_bN14
_221
100 1 _aNakarai, Toyozo W.,
_eautor.
245 1 0 _aBiblical hebrew /
_cToyozo W. Nakarai.
264 1 _a
336 _atext
_2rdacontent
337 _aunmediated
_2rdamedia
338 _avolume
_2rdacarrier
526 _aP145
526 _aP127
526 _aP97
526 _aP35
526 _aP14
526 _aP07
650 0 4 _aHebreo bíblico.
910 _a
942 _2ddc
_cBOOK
949 _a492.415 N14
_wDEWEY
_c1
_i38741
_lCCODEBUL1
_mBUL
_p00.00
_r0
_sY
_tBOOK
_u2015-06-25
_xBIBLIOTECA
_zUNKNOWN
_0COMPRA
_o.STAFF. Colección General
596 _a1
999 _a492.415 N14
_wDEWEY
_c38397
_i38741
_f2021-11-12
_g5
_lCCODEBUL1
_mBUL
_r0
_sY
_tBOOK
_u2015-6-25
_xTEOLOGIA
_zUNKNOWN
_0COMPRA
_o.STAFF. Colección General
_d38397
980 _81
_gALBERTO SANCHEZ Responsable de Automatización